Cyclisme - AG2R Citröen Team - 2023 - Statistiques

Statistiques générales
  • Ce quiz a été pris 55 fois
  • Le résultat moyen est 15 sur 33
Statistiques - réponses
Nationalité Nom % Correct
AU Felix Gall
90%
BE Lawrence Naesen
87%
BE Oliver Naesen
87%
AU Ben O'Connor
85%
FR Benoit Cosnefroy
85%
FR Aurélien Paret-Peintre
73%
FR Valentin Paret-Peintre
73%
IT Andrea Vendrame
65%
FR Clément Berthet
65%
BE Greg Van Avermaet
65%
FR Nans Peters
58%
US Larry Warbasse
54%
FR Dorian Godon
52%
FI Jaakko Hänninen
52%
BE Stan Dewulf
50%
FR Clément Venturini
46%
FR Mikael Cherel
46%
FR Alex Baudin
40%
FR Paul Lapeira
37%
SU Michael Schär
35%
FR Bastien Tronchon
33%
FR Marc Sarreau
33%
FR Geoffrey Bouchard
31%
FR Nicolas Prodhomme
31%
FR Franck Bonnamour
25%
FR Valentin Retailleau
21%
FR Antoine Raugel
19%
FR Pierre Gautherat
19%
FR Damien Touzé
17%
FR Jordan Labrosse
8%
FR Joris Chaussinand
4%
FR Killian Verschuren
4%
FR Baptiste Veistroffer
2%
Aucun quiz correspondant
Distribution des résultats
% des personnes avec chaque résultat
Percentile par nombre de réponses
Votre historique - résultats
Vous n’avez pas pris ce quiz